| 000 | 01154nam a2200325 4500 | ||
|---|---|---|---|
| 001 | 0000023980 | ||
| 003 | CO-CtgCURN | ||
| 005 | 20250331184451.0 | ||
| 007 | ta | ||
| 008 | 160627s2019 000 0 eng d | ||
| 020 | _a9789587678888 | ||
| 020 | _a9789587678895 | ||
| 040 |
_aCO-CtgCURN _bspa _ccoctgcurn |
||
| 082 | 0 |
_a347.7 _bC718 2019 |
|
| 110 | 2 | _aColombia. | |
| 245 | 1 | 0 | _aCódigo de comercio. |
| 250 | _aTrigesima primera edicion. | ||
| 260 |
_aBogotá : _bLegis, _c2019. |
||
| 300 | _a866 paginas. | ||
| 336 | _2rdacontent | ||
| 337 |
_2rdamedia _asin mediacion _bn |
||
| 338 |
_2rdacarrier _avolumen _bnc |
||
| 490 | 1 | _aCódigos Basicos | |
| 500 | _aIncluye suplemento e indices. | ||
| 505 | 8 | _aDe los comerciantes y de los asuntos de comercio -- De las sociedades comerciales -- De los bienes mercantiles -- De los contratos y obligaciones mercantiles -- De la navegacion: disposiciones comunes -- Procedimientos | |
| 650 | 1 | 4 |
_aDerecho comercial _vLegislacion _zColombia. |
| 908 | _a160627 | ||
| 942 |
_aBK _cBK _h347.7 _iC718 2019 _2ddc |
||
| 999 |
_c20499 _d20499 |
||